000
00261nam a2200109Ia 4500
008
190216s9999||||xx |||||||||||||| ||und||
100
_a
Goel B S
245
0
_a
Production Operations Management
260
_b
King`S Books Delhi
_c
1998
300
_a
550p
942
_c
BK
999
_c
6158
_d
6158